Технология разработки месторождений цементного сырья

গ্রন্থ-পঞ্জীর বিবরন
প্রধান লেখক: Чиаев Т. И. Таймураз Иосифович
অন্যান্য লেখক: Таранухин Н. А. Николай Афанасьевич
ভাষা:রুশ
প্রকাশিত: Москва, Недра, 1980
বিষয়গুলি:
বিন্যাস: গ্রন্থ
KOHA link:https://koha.lib.tpu.ru/cgi-bin/koha/opac-detail.pl?biblionumber=144772

MARC

LEADER 00000nam0a2200000 4500
001 144772
005 20231031143812.0
035 |a (RuTPU)RU\TPU\book\156906 
090 |a 144772 
100 |a 20081008d1980 m y0rusy50 ca 
101 0 |a rus 
102 |a RU 
105 |a a z 001zy 
200 1 |a Технология разработки месторождений цементного сырья  |f Т. И. Чиаев, Н. А. Таранухин 
210 |a Москва  |c Недра  |d 1980 
215 |a 304 с.  |c ил. 
320 |a Библиогр.: с. 301-303. 
610 1 |a цементное сырье 
610 1 |a добыча 
610 1 |a месторождения 
610 1 |a полезные ископаемые 
610 1 |a цемент 
610 1 |a производство 
610 1 |a разработка 
610 1 |a добыча 
610 1 |a использование 
610 1 |a природа 
610 1 |a технико-экономические показатели 
610 1 |a горные работы 
610 1 |a охрана 
675 |a 622.35  |v 3 
700 1 |a Чиаев  |b Т. И.  |g Таймураз Иосифович 
701 1 |a Таранухин  |b Н. А.  |g Николай Афанасьевич 
801 1 |a RU  |b 63413507  |c 20081008  |g PSBO 
801 2 |a RU  |b 63413507  |c 20171101  |g PSBO 
942 |c BK